| 000 | 00541nam a22002177a 4500 | ||
|---|---|---|---|
| 003 | UA-OsUOA | ||
| 001 | 48453 | ||
| 007 | ta | ||
| 008 | 20070906b un ||||| |||| 00| 0 ukr d | ||
| 090 |
_a2 _bР36 |
||
| 942 | _cBK | ||
| 040 |
_aUA-OsUOA _brus _cUA-OsUOA _dUA-OsUOA |
||
| 245 |
_aРелигия как общественній феномен _cСухов А. Д. |
||
| 300 | _a124 с. | ||
| 955 | _a2 | ||
| 041 | _arus | ||
| 080 | _a2 | ||
| 260 |
_aМ. _c1973 |
||
| 650 | 7 |
_a2 Релігія. Теологія. _2UDC |
|
| 999 |
_c334562 _d334562 |
||